Active NBA Career Scoring Leaders - Statistics

General Stats
  • This quiz has been taken 31 times
  • The average score is 14 of 15
Answer Stats
# Points Teams Players % Correct
2 31,862 Seattle Supersonics/Oklahoma City Thunder (2007-2016)Golden State Warriors (2016-2019) Brooklyn Nets (2019-2023) Phoenix Suns (2023-2025) Houston Rockets (2025-Now) Kevin Durant
100%
1 42,975 Cleveland Cavaliers (2003-2010)Miami Heat (2010-2014) Cleveland Cavaliers (2014-2018) Los Angeles Lakers (2018-Now) LeBron James
100%
7 22,598 Portland Trail Blazers (2012-2023) Milwaukee Bucks (2023-2025) Portland Trail Blazers (2025-Now) Damian Lillard
96%
3 28,863 Oklahoma City Thunder (2009-2012) Houston Rockets (2012-2021) Brooklyn Nets (2021-2022) Philadelphia 76ers (2022-2023) Los Angeles Clippers (2023-2026) Cleveland Cavaliers (2026-Now) James Harden
96%
4 27,001 Oklahoma City Thunder (2008-2019)Houston Rockets (2019-2020) Washington Wizards (2020-2021) Los Angeles Lakers (2021-2023) Los Angeles Clippers (2023-2024) Denver Nuggets (2024-2025) Sacramento Kings (2025-Now) Russell Westbrook
96%
5 26,447 Golden State Warriors (2009-Now) Stephen Curry
96%
8 21,377 Milwaukee Bucks (2013-Now) Giannis Antetokounmpo
93%
11 18,433 Cleveland Cavaliers (2011-2017)Boston Celtics (2017-2019) Brooklyn Nets (2019-2023) Dallas Mavericks (2023-Now) Kyrie Irving
93%
15 17,329 Denver Nuggets (2015-Now) Nikola Jokić
93%
9 19,385 New Orleans Hornets/Pelicans (2012-2019)Los Angeles Lakers (2019-2025) Dallas Mavericks (2025-2026) Washington Wizards (2026-Now) Anthony Davis
89%
6 26,339 Toronto Raptors (2009-2018) San Antonio Spurs (2018-2021)Chicago Bulls (2021-2024) Sacramento Kings (2024-Now) DeMar Derozan
89%
14 17,535 Phoenix Suns (2015-Now) Devin Booker
89%
10 19,128 Indiana Pacers (2010-2017)Oklahoma City Thunder (2017-2019) Los Angeles Clippers (2019-2024) Philadelphia 76ers (2024-Now) Paul George
86%
12 17,837 New Jersey/Brooklyn Nets (2008-2017)Los Angeles Lakers (2017-2018) Milwaukee Bucks (2018-2025) Los Angeles Clippers (2025-Now) Brook Lopez
68%
13 17,570 Philadelphia 76ers (2011-2012)Orlando Magic (2012-2021) Chicago Bulls (2021-2026) Boston Celtics (2026-Now) Nikola Vučević
68%
No matching quizzes found
Score Distribution
Percent of People with Each Score
Percentile by Number Answered
Your Score History
You have not taken this quiz